Memoria del curso de 1891 a 92 y anuario del de 1892 a 93... (Record no. 182860)
[ view plain ]
| 000 -LEADER | |
|---|---|
| campo de control de longitud fija | 00638nam a22001815i 4500 |
| 001 - NÚMERO DE CONTROL | |
| campo de control | 182860 |
| 003 - IDENTIFICADOR DE NÚMERO DE CONTROL | |
| campo de control | ES-MaACL |
| 005 - FECHA Y HORA DE LA ÚLTIMA TRANSACCIÓN | |
| campo de control | 20240203062554.0 |
| 008 - DATOS DE LONGITUD FIJA--INFORMACIÓN GENERAL | |
| campo de control de longitud fija | 131119s1893 sp |||| | spa d |
| 080 ## - NÚMERO DE LA CLASIFICACIÓN DECIMAL UNIVERSAL | |
| Número de la Clasificación Decimal Universal | 378.4(460.27M.)(060.55) |
| 110 2# - ENTRADA PRINCIPAL--NOMBRE DE ENTIDAD CORPORATIVA | |
| Nombre de entidad corporativa o nombre de jurisdicción como elemento de entrada | Universidad Central (Madrid) |
| 9 (RLIN) | 7084 |
| 245 10 - MENCIÓN DEL TÍTULO | |
| Título | Memoria del curso de 1891 a 92 y anuario del de 1892 a 93... |
| 260 ## - PUBLICACIÓN, DISTRIBUCIÓN, ETC. | |
| Lugar de publicación, distribución, etc. | Madrid : |
| Nombre del editor, distribuidor, etc. | [s.n.], |
| Fecha de publicación, distribución, etc. | 1893. |
| 500 ## - NOTA GENERAL | |
| Nota general | Precede al tít.: Universidad Central de España. |
| 610 24 - PUNTO DE ACCESO ADICIONAL DE MATERIA--NOMBRE DE ENTIDAD CORPORATIVA | |
| Nombre de entidad corporativa o nombre de jurisdicción como elemento de entrada | Universidad Central (Madrid)- |
| Subdivisión de forma | Memorias. |
| 9 (RLIN) | 141782 |
| 852 ## - LOCALIZACIÓN | |
| Ubicación | ES-MaACL |
| Número de control de estantería | R-1748(2) |
| Nota libre | .- Encuad. con otras obras |
| Encuadernación | Olim: T-651-F |
| Estatus retirado | Estado de pérdida | Estado de daño | No para préstamo | Colección | Biblioteca de origen | Biblioteca actual | Ubicación en estantería | Fecha de adquisición | Fuente de adquisición | Total de préstamos | Signatura topográfica completa | Código de barras | Visto por última vez | Precio de reemplazo | Tipo de ítem Koha |
|---|---|---|---|---|---|---|---|---|---|---|---|---|---|---|---|
| Libros del s. XIX | Biblioteca del Ateneo de Madrid | Biblioteca del Ateneo de Madrid | Depósito | 19/11/2013 | R-1748(2) | 1192180 | 23/02/2023 | 23/02/2023 | Libro impreso antiguo |
